[Event "European Online Club-ch-E 2021"]
[Site "Online"]
[Date "2021.03.27"]
[Round "7.4"]
[White "Thereze, Ludovic"]
[Black "Yashas, D.."]
[Result "0-1"]
[WhiteElo "2007"]
[BlackElo "2296"]
[Annotator "NA"]
[PlyCount "92"]
[EventDate "2021.03.27"]
[EventType "team-tourn"]
[EventCountry "NET"]
[SourceTitle "playchess.com"]
[Source "ChessBase"]
[SourceQuality "1"]
[TimeControl "900+5"]

1. d4 {[%emt 0:00:00]} Nf6 {[%emt 0:00:04]} 2. c4 {[%emt 0:00:03]} e6 {[%emt 0:00:02]} 3. Nc3 {[%emt 0:00:03]} Bb4 {[%emt 0:00:11]} 4. Bd2 {[%emt 0:00:03]} b6 {[%emt 0:00:08]} 5. g3 {[%emt 0:00:05]} Bb7 {[%emt 0:00:02]} 6. Nf3 {[%emt 0:00:01]} c5 {[%emt 0:00:07]} 7. a3 {[%emt 0:00:35]} Bxc3 {[%emt 0:00:07]} 8. Bxc3 {[%emt 0:00:18]} O-O {[%emt 0:00:05]} 9. Bg2 {[%emt 0:00:14]} Ne4 {[%emt 0:00:02]} 10. O-O {[%emt 0:00:09]} Nxc3 {[%emt 0:00:04]} 11. bxc3 {[%emt 0:00:04]} Qc7 {[%emt 0:00:07]} 12. d5 {[%emt 0:00:27]} d6 {[%emt 0:00:13]} 13. Qd3 {[%emt 0:01:09]} e5 {[%emt 0:00:43]} 14. Ng5 {[%emt 0:01:08]} g6 {[%emt 0:00:04]} 15. Qe4 {[%emt 0:01:48]} h6 {[%emt 0:01:00]} 16. Ne6 {[%emt 0:01:16]} fxe6 {[%emt 0:00:04]} 17. Qxg6+ {[%emt 0:00:02]} Qg7 {[%emt 0:00:02]} 18. Qxe6+ {[%emt 0:00:02]} Kh8 {[%emt 0:00:03]} 19. Qxd6 {[%emt 0:00:10]} Nd7 {[%emt 0:00:33]} 20. Bh3 {[%emt 0:00:45]} Rad8 {[%emt 0:00:05]} 21. Qc7 {[%emt 0:00:54]} Nb8 {[%emt 0:00:04]} 22. Qxg7+ {[%emt 0:00:29]} Kxg7 {[%emt 0:00:03]} 23. f4 {[%emt 0:00:34]} e4 {[%emt 0:01:58]} 24. Bg2 {[%emt 0:00:26]} Ba6 {[%emt 0:03:59]} 25. Bxe4 {[%emt 0:00:35]} Bxc4 {[%emt 0:00:04]} 26. Rfd1 {[%emt 0:00:14]} Bxe2 {[%emt 0:00:05]} 27. Rd2 {[%emt 0:00:02]} Bg4 {[%emt 0:01:29]} 28. Re1 {[%emt 0:00:18]} Rfe8 {[%emt 0:00:09]} 29. Kf2 {[%emt 0:00:33]} Nd7 {[%emt 0:00:07]} 30. d6 {[%emt 0:01:09]} Nf6 {[%emt 0:00:08]} 31. Bc6 {[%emt 0:00:04]} Rxe1 {[%emt 0:00:04]} 32. Kxe1 {[%emt 0:00:02]} Bd7 {[%emt 0:00:07]} 33. Bg2 {[%emt 0:01:11]} Re8+ {[%emt 0:00:03]} 34. Kd1 {[%emt 0:00:37]} Bg4+ {[%emt 0:01:08]} 35. Kc2 {[%emt 0:00:40]} Re2 {[%emt 0:00:04]} 36. Bc6 {[%emt 0:00:53]} Rxd2+ {[%emt 0:00:05]} 37. Kxd2 {[%emt 0:00:03]} Kf7 {[%emt 0:00:03]} 38. Kd3 {[%emt 0:00:12]} Ke6 {[%emt 0:00:03]} 39. Bg2 {[%emt 0:00:39]} Kxd6 {[%emt 0:00:05]} 40. Kc4 {[%emt 0:00:02]} Be2+ {[%emt 0:00:06]} 41. Kb3 {[%emt 0:00:04]} b5 {[%emt 0:00:19]} 42. a4 {[%emt 0:00:06]} Bd1+ {[%emt 0:00:08]} 43. Ka3 {[%emt 0:00:10]} Bxa4 {[%emt 0:00:02]} 44. c4 {[%emt 0:00:05]} a6 {[%emt 0:00:06]} 45. Bf1 {[%emt 0:00:06]} Kc6 {[%emt 0:00:12]} 46. h3 {[%emt 0:00:03]} Nh5 {[%emt 0:00:28]} 0-1

[Event "European Online Club-ch-E 2021"]
[Site "Online"]
[Date "2021.03.27"]
[Round "7.5"]
[White "Westerberg, Jonathan"]
[Black "Mikhalevski, Victor"]
[Result "0-1"]
[WhiteElo "2534"]
[BlackElo "2552"]
[Annotator "ChessBase"]
[PlyCount "48"]
[EventDate "2021.03.27"]
[EventType "team-tourn"]
[EventCountry "NET"]
[SourceTitle "playchess.com"]
[Source "ChessBase"]
[SourceQuality "1"]
[TimeControl "900+5"]

1. e4 {[%emt 0:00:00]} e5 {[%emt 0:00:05]} 2. Nf3 {[%emt 0:00:02]} Nc6 {[%emt 0:00:02]} 3. Bc4 {[%emt 0:00:02]} Bc5 {[%emt 0:00:02]} 4. c3 {[%emt 0:00:02]} Nf6 {[%emt 0:00:02]} 5. Qe2 {[%emt 0:00:01]} O-O {[%emt 0:00:17]} 6. Bb3 {[%emt 0:00:02]} d5 {[%emt 0:01:13]} 7. d3 {[%emt 0:00:02]} h6 {[%emt 0:00:04]} 8. Nbd2 {[%emt 0:00:13]} Re8 {[%emt 0:00:39]} 9. h3 {[%emt 0:00:01]} Nh5 {[%emt 0:01:23]} 10. g3 {[%emt 0:00:34]} Be6 {[%emt 0:01:00]} 11. Nf1 {[%emt 0:04:41]} f5 {[%emt 0:02:35]} 12. Be3 {[%emt 0:01:00]} d4 {[%emt 0:01:30]} 13. Bxe6+ {[%emt 0:01:32]} Rxe6 {[%emt 0:00:03]} 14. Bd2 {[%emt 0:00:31]} fxe4 {[%emt 0:00:24]} 15. dxe4 {[%emt 0:01:51]} d3 {[%emt 0:00:36]} 16. Qd1 {[%emt 0:00:03]} Qf6 {[%emt 0:00:35]} 17. N1h2 {[%emt 0:00:34]} Qg6 {[%emt 0:00:11]} 18. Qa4 {[%emt 0:01:23]} b5 {[%emt 0:00:18]} 19. Qxb5 {[%emt 0:00:03]} Qxe4+ {[%emt 0:00:03]} 20. Kd1 {[%emt 0:00:03]} Bxf2 {[%emt 0:00:12]} 21. Qb3 {[%emt 0:00:26]} Rae8 {[%emt 0:00:09]} 22. Rf1 {[%emt 0:00:44]} Qe2+ {[%emt 0:00:05]} 23. Kc1 {[%emt 0:00:01]} Nxg3 {[%emt 0:00:02]} 24. Rd1 {[%emt 0:00:01]} e4 {[%emt 0:00:16]} 0-1

[Event "European Online Club-ch-E 2021"]
[Site "Online"]
[Date "2021.03.27"]
[Round "7.6"]
[White "Roiz, Michael"]
[Black "Arman, Deniz"]
[Result "1/2-1/2"]
[WhiteElo "2579"]
[BlackElo "2336"]
[Annotator "ChessBase"]
[PlyCount "78"]
[EventDate "2021.03.27"]
[EventType "team-tourn"]
[EventCountry "NET"]
[SourceTitle "playchess.com"]
[Source "ChessBase"]
[SourceQuality "1"]
[TimeControl "900+5"]

1. d4 {[%emt 0:00:00]} Nf6 {[%emt 0:00:06]} 2. c4 {[%emt 0:00:21]} g6 {[%emt 0:00:13]} 3. g3 {[%emt 0:00:06]} Bg7 {[%emt 0:00:04]} 4. Bg2 {[%emt 0:00:02]} d5 {[%emt 0:00:13]} 5. cxd5 {[%emt 0:00:07]} Nxd5 {[%emt 0:00:03]} 6. Nf3 {[%emt 0:00:04]} O-O {[%emt 0:00:04]} 7. O-O {[%emt 0:00:02]} Nb6 {[%emt 0:00:02]} 8. Nc3 {[%emt 0:00:04]} Nc6 {[%emt 0:00:01]} 9. e3 {[%emt 0:00:02]} e5 {[%emt 0:00:08]} 10. d5 {[%emt 0:00:04]} e4 {[%emt 0:00:02]} 11. dxc6 {[%emt 0:00:25]} Qxd1 {[%emt 0:00:02]} 12. Rxd1 {[%emt 0:00:08]} exf3 {[%emt 0:00:02]} 13. Bxf3 {[%emt 0:00:01]} bxc6 {[%emt 0:00:01]} 14. Bd2 {[%emt 0:03:16]} Nc4 {[%emt 0:00:13]} 15. Na4 {[%emt 0:00:01]} Rb8 {[%emt 0:00:28]} 16. Bc3 {[%emt 0:01:38]} Bxc3 {[%emt 0:00:05]} 17. bxc3 {[%emt 0:00:02]} Ne5 {[%emt 0:00:05]} 18. Be2 {[%emt 0:00:26]} Bf5 {[%emt 0:01:28]} 19. Rd4 {[%emt 0:03:50]} h5 {[%emt 0:06:09]} 20. f3 {[%emt 0:01:45]} Bc2 {[%emt 0:03:48]} 21. Nc5 {[%emt 0:01:56]} Rb2 {[%emt 0:00:39]} 22. Rd2 {[%emt 0:00:04]} Rfb8 {[%emt 0:00:07]} 23. Kf1 {[%emt 0:01:13]} Bb1 {[%emt 0:00:26]} 24. Rxb2 {[%emt 0:00:07]} Rxb2 {[%emt 0:00:04]} 25. Na4 {[%emt 0:00:14]} Rxa2 {[%emt 0:00:08]} 26. Rxb1 {[%emt 0:00:03]} Rxa4 {[%emt 0:00:03]} 27. Rb7 {[%emt 0:00:05]} Ra1+ {[%emt 0:00:21]} 28. Kf2 {[%emt 0:00:02]} Ra2 {[%emt 0:00:02]} 29. e4 {[%emt 0:00:24]} Rc2 {[%emt 0:01:40]} 30. Rxa7 {[%emt 0:00:07]} Rxc3 {[%emt 0:00:11]} 31. Rxc7 {[%emt 0:00:02]} Rc2 {[%emt 0:00:11]} 32. Ke3 {[%emt 0:00:38]} Nc4+ {[%emt 0:00:16]} 33. Kf2 {[%emt 0:00:10]} Ne5 {[%emt 0:00:09]} 34. h3 {[%emt 0:00:05]} g5 {[%emt 0:00:05]} 35. f4 {[%emt 0:00:15]} gxf4 {[%emt 0:00:02]} 36. gxf4 {[%emt 0:00:01]} Ng6 {[%emt 0:00:02]} 37. Ke3 {[%emt 0:00:06]} Nxf4 {[%emt 0:00:04]} 38. Kxf4 {[%emt 0:00:02]} Rxe2 {[%emt 0:00:02]} 39. Rxc6 {[%emt 0:00:01]} Kg7 {[%emt 0:00:11]} 1/2-1/2

[Event "European Online Club-ch-E 2021"]
[Site "Online"]
[Date "2021.03.27"]
[Round "7.7"]
[White "Cederstam Barsk, Carl"]
[Black "Steinberg, Nitzan"]
[Result "0-1"]
[WhiteElo "2366"]
[BlackElo "2553"]
[Annotator "ChessBase"]
[PlyCount "76"]
[EventDate "2021.03.27"]
[EventType "team-tourn"]
[EventCountry "NET"]
[SourceTitle "playchess.com"]
[Source "ChessBase"]
[SourceQuality "1"]
[TimeControl "900+5"]

1. e4 {[%emt 0:00:00]} c5 {[%emt 0:00:04]} 2. Nf3 {[%emt 0:00:02]} d6 {[%emt 0:00:02]} 3. Bb5+ {[%emt 0:00:02]} Bd7 {[%emt 0:00:03]} 4. Bxd7+ {[%emt 0:00:03]} Nxd7 {[%emt 0:00:02]} 5. O-O {[%emt 0:00:07]} Ngf6 {[%emt 0:00:02]} 6. Re1 {[%emt 0:00:04]} g6 {[%emt 0:00:03]} 7. c3 {[%emt 0:00:48]} Bg7 {[%emt 0:00:02]} 8. d4 {[%emt 0:00:44]} O-O {[%emt 0:00:02]} 9. Nbd2 {[%emt 0:03:24]} cxd4 {[%emt 0:01:19]} 10. cxd4 {[%emt 0:00:07]} Rc8 {[%emt 0:00:05]} 11. Qb3 {[%emt 0:01:19]} Qb6 {[%emt 0:00:25]} 12. Qd3 {[%emt 0:01:36]} Qc6 {[%emt 0:01:15]} 13. b3 {[%emt 0:00:36]} Qc2 {[%emt 0:00:39]} 14. Qe2 {[%emt 0:00:40]} Nh5 {[%emt 0:01:02]} 15. Ba3 {[%emt 0:01:28]} Nf4 {[%emt 0:00:22]} 16. Qb5 {[%emt 0:00:05]} Qc6 {[%emt 0:02:00]} 17. Qf1 {[%emt 0:00:26]} b5 {[%emt 0:00:45]} 18. g3 {[%emt 0:00:15]} Nh5 {[%emt 0:00:02]} 19. Rec1 {[%emt 0:01:19]} Qb7 {[%emt 0:00:17]} 20. Bb4 {[%emt 0:00:14]} Nhf6 {[%emt 0:01:02]} 21. Qd3 {[%emt 0:00:21]} Bh6 {[%emt 0:00:09]} 22. d5 {[%emt 0:00:37]} Bg7 {[%emt 0:01:13]} 23. h3 {[%emt 0:00:58]} Qb6 {[%emt 0:00:35]} 24. Bc3 {[%emt 0:00:47]} Nc5 {[%emt 0:02:30]} 25. Qd4 {[%emt 0:00:10]} Ncxe4 {[%emt 0:00:48]} 26. Nxe4 {[%emt 0:00:10]} Qxd4 {[%emt 0:00:03]} 27. Nxf6+ {[%emt 0:00:09]} Qxf6 {[%emt 0:00:03]} 28. Bxf6 {[%emt 0:00:04]} Bxf6 {[%emt 0:00:02]} 29. Rab1 {[%emt 0:00:12]} Bc3 {[%emt 0:00:13]} 30. Rc2 {[%emt 0:00:07]} Rc5 {[%emt 0:00:11]} 31. Rd1 {[%emt 0:00:03]} Rfc8 {[%emt 0:00:06]} 32. Re2 {[%emt 0:00:17]} Bf6 {[%emt 0:00:09]} 33. Rdd2 {[%emt 0:00:09]} b4 {[%emt 0:00:16]} 34. Kg2 {[%emt 0:00:03]} Ra5 {[%emt 0:00:11]} 35. g4 {[%emt 0:00:18]} h6 {[%emt 0:00:02]} 36. h4 {[%emt 0:00:02]} g5 {[%emt 0:00:06]} 37. hxg5 {[%emt 0:00:02]} hxg5 {[%emt 0:00:02]} 38. Rd1 {[%emt 0:00:09]} Rcc5 {[%emt 0:00:03]} 0-1

[Event "European Online Club-ch-E 2021"]
[Site "Online"]
[Date "2021.03.27"]
[Round "7.9"]
[White "Sirosh, Ilja"]
[Black "Oparin, Grigoriy"]
[Result "1/2-1/2"]
[WhiteElo "2400"]
[BlackElo "2652"]
[Annotator "ChessBase"]
[PlyCount "207"]
[EventDate "2021.03.27"]
[EventType "team-tourn"]
[EventCountry "NET"]
[SourceTitle "playchess.com"]
[Source "ChessBase"]
[SourceQuality "1"]
[TimeControl "900+5"]

1. e4 {[%emt 0:00:00]} e5 {[%emt 0:00:06]} 2. Nf3 {[%emt 0:00:02]} Nc6 {[%emt 0:00:02]} 3. Bc4 {[%emt 0:00:01]} Nf6 {[%emt 0:00:02]} 4. d3 {[%emt 0:00:04]} Bc5 {[%emt 0:00:05]} 5. c3 {[%emt 0:00:04]} O-O {[%emt 0:00:02]} 6. O-O {[%emt 0:00:02]} h6 {[%emt 0:00:03]} 7. Nbd2 {[%emt 0:00:26]} d6 {[%emt 0:00:04]} 8. Re1 {[%emt 0:00:49]} a5 {[%emt 0:00:17]} 9. Nf1 {[%emt 0:00:28]} Be6 {[%emt 0:01:41]} 10. Bb5 {[%emt 0:01:16]} Bb6 {[%emt 0:00:17]} 11. d4 {[%emt 0:00:36]} exd4 {[%emt 0:00:08]} 12. cxd4 {[%emt 0:00:53]} Bg4 {[%emt 0:00:02]} 13. Be3 {[%emt 0:02:56]} Bxf3 {[%emt 0:03:14]} 14. gxf3 {[%emt 0:00:05]} Ne7 {[%emt 0:00:01]} 15. Ng3 {[%emt 0:00:58]} Nh7 {[%emt 0:00:02]} 16. Bd3 {[%emt 0:02:30]} Kh8 {[%emt 0:00:45]} 17. Kh1 {[%emt 0:00:37]} c5 {[%emt 0:03:12]} 18. d5 {[%emt 0:02:15]} c4 {[%emt 0:00:01]} 19. Bxc4 {[%emt 0:00:12]} f5 {[%emt 0:00:02]} 20. f4 {[%emt 0:00:30]} fxe4 {[%emt 0:00:12]} 21. Qb3 {[%emt 0:00:58]} Bxe3 {[%emt 0:00:26]} 22. fxe3 {[%emt 0:00:21]} Nf5 {[%emt 0:00:02]} 23. Nxf5 {[%emt 0:00:27]} Rxf5 {[%emt 0:00:00]} 24. Rg1 {[%emt 0:00:07]} Rb8 {[%emt 0:00:58]} 25. Be2 {[%emt 0:00:03]} Nf6 {[%emt 0:00:32]} 26. Rad1 {[%emt 0:00:02]} Qg8 {[%emt 0:00:14]} 27. Qa4 {[%emt 0:00:19]} b5 {[%emt 0:00:48]} 28. Qxa5 {[%emt 0:00:06]} Rxd5 {[%emt 0:00:06]} 29. Qc7 {[%emt 0:00:09]} Rc8 {[%emt 0:00:22]} 30. Qe7 {[%emt 0:00:02]} Re8 {[%emt 0:00:54]} 31. Qc7 {[%emt 0:00:01]} Qf8 {[%emt 0:00:32]} 32. Qb7 {[%emt 0:00:09]} Rb8 {[%emt 0:00:12]} 33. Qc6 {[%emt 0:00:04]} Rc8 {[%emt 0:00:14]} 34. Qb7 {[%emt 0:00:01]} Rxd1 {[%emt 0:00:06]} 35. Bxd1 {[%emt 0:00:01]} Rb8 {[%emt 0:00:08]} 36. Qa7 {[%emt 0:00:10]} Ra8 {[%emt 0:00:11]} 37. Qb7 {[%emt 0:00:02]} Rxa2 {[%emt 0:00:25]} 38. Bb3 {[%emt 0:00:17]} Rxb2 {[%emt 0:00:16]} 39. Rc1 {[%emt 0:00:05]} Rxb3 {[%emt 0:01:13]} 40. Rc8 {[%emt 0:00:02]} Qxc8 {[%emt 0:00:11]} 41. Qxc8+ {[%emt 0:00:02]} Ng8 {[%emt 0:00:01]} 42. Qe6 {[%emt 0:00:03]} Rxe3 {[%emt 0:00:05]} 43. Qxd6 {[%emt 0:00:01]} Rf3 {[%emt 0:00:09]} 44. Qb8 {[%emt 0:00:07]} b4 {[%emt 0:00:03]} 45. Kg2 {[%emt 0:00:08]} b3 {[%emt 0:00:02]} 46. Qa8 {[%emt 0:00:07]} Rxf4 {[%emt 0:00:05]} 47. Qb7 {[%emt 0:00:06]} e3 {[%emt 0:00:09]} 48. Qxb3 {[%emt 0:00:04]} Re4 {[%emt 0:00:01]} 49. Qd3 {[%emt 0:00:04]} Re7 {[%emt 0:00:03]} 50. Kf1 {[%emt 0:00:05]} e2+ {[%emt 0:00:01]} 51. Ke1 {[%emt 0:00:02]} Nf6 {[%emt 0:00:03]} 52. Qd8+ {[%emt 0:00:03]} Re8 {[%emt 0:00:01]} 53. Qd4 {[%emt 0:00:04]} Re4 {[%emt 0:00:03]} 54. Qd8+ {[%emt 0:00:03]} Kh7 {[%emt 0:00:01]} 55. Qd3 {[%emt 0:00:03]} h5 {[%emt 0:00:03]} 56. h3 {[%emt 0:00:06]} Kh6 {[%emt 0:00:06]} 57. Qd2+ {[%emt 0:00:02]} g5 {[%emt 0:00:04]} 58. Qd8 {[%emt 0:00:02]} Kg6 {[%emt 0:00:01]} 59. Qc8 {[%emt 0:00:04]} g4 {[%emt 0:00:04]} 60. hxg4 {[%emt 0:00:02]} hxg4 {[%emt 0:00:00]} 61. Qc7 {[%emt 0:00:11]} Kg5 {[%emt 0:00:05]} 62. Qg7+ {[%emt 0:00:06]} Kf5 {[%emt 0:00:01]} 63. Qc7 {[%emt 0:00:01]} Re5 {[%emt 0:00:19]} 64. Qc3 {[%emt 0:00:20]} Kf4 {[%emt 0:00:14]} 65. Qd4+ {[%emt 0:00:02]} Kf5 {[%emt 0:00:04]} 66. Qc3 {[%emt 0:00:04]} Nd5 {[%emt 0:00:05]} 67. Qd3+ {[%emt 0:00:05]} Kf6 {[%emt 0:00:06]} 68. Qg3 {[%emt 0:00:09]} Ne3 {[%emt 0:00:13]} 69. Qf4+ {[%emt 0:00:04]} Ke6 {[%emt 0:00:04]} 70. Qh6+ {[%emt 0:00:04]} Kd5 {[%emt 0:00:02]} 71. Qh1+ {[%emt 0:00:05]} Kd4 {[%emt 0:00:04]} 72. Kxe2 {[%emt 0:00:05]} Nf5+ {[%emt 0:00:08]} 73. Kd2 {[%emt 0:00:08]} g3 {[%emt 0:00:05]} 74. Qg1+ {[%emt 0:00:05]} Ke4 {[%emt 0:00:03]} 75. Qe1+ {[%emt 0:00:07]} Kf4 {[%emt 0:00:01]} 76. Qf1+ {[%emt 0:00:02]} Kg4 {[%emt 0:00:02]} 77. Qc4+ {[%emt 0:00:02]} Kg5 {[%emt 0:00:13]} 78. Qg8+ {[%emt 0:00:03]} Kf4 {[%emt 0:00:03]} 79. Qg6 {[%emt 0:00:09]} Re4 {[%emt 0:00:11]} 80. Qb6 {[%emt 0:00:12]} Re7 {[%emt 0:00:13]} 81. Qb8+ {[%emt 0:00:04]} Kg4 {[%emt 0:00:03]} 82. Qg8+ {[%emt 0:00:02]} Rg7 {[%emt 0:00:01]} 83. Qc4+ {[%emt 0:00:03]} Kh5 {[%emt 0:00:06]} 84. Qf4 {[%emt 0:00:03]} Rg5 {[%emt 0:00:03]} 85. Qf3+ {[%emt 0:00:08]} Kg6 {[%emt 0:00:02]} 86. Qc6+ {[%emt 0:00:03]} Kh7 {[%emt 0:00:04]} 87. Qd7+ {[%emt 0:00:09]} Kh6 {[%emt 0:00:07]} 88. Qc6+ {[%emt 0:00:06]} Rg6 {[%emt 0:00:04]} 89. Qh1+ {[%emt 0:00:05]} Kg5 {[%emt 0:00:02]} 90. Qe4 {[%emt 0:00:07]} Rd6+ {[%emt 0:00:03]} 91. Ke1 {[%emt 0:00:01]} Rd4 {[%emt 0:00:08]} 92. Qa8 {[%emt 0:00:04]} Kf4 {[%emt 0:00:04]} 93. Qb8+ {[%emt 0:00:07]} Kf3 {[%emt 0:00:02]} 94. Qb7+ {[%emt 0:00:03]} Kg4 {[%emt 0:00:04]} 95. Qa8 {[%emt 0:00:10]} Kg5 {[%emt 0:00:19]} 96. Kf1 {[%emt 0:00:02]} Rd2 {[%emt 0:00:09]} 97. Qg8+ {[%emt 0:00:03]} Kf4 {[%emt 0:00:02]} 98. Qc4+ {[%emt 0:00:02]} Nd4 {[%emt 0:00:06]} 99. Qf7+ {[%emt 0:00:05]} Ke3 {[%emt 0:00:04]} 100. Qe7+ {[%emt 0:00:03]} Kd3 {[%emt 0:00:10]} 101. Qh7+ {[%emt 0:00:01]} Kc3 {[%emt 0:00:02]} 102. Qg7 {[%emt 0:00:05]} g2+ {[%emt 0:00:09]} 103. Qxg2 {[%emt 0:00:13]} Rxg2 {[%emt 0:00:01]} 104. Kxg2 {[%emt 0:00:02]} 1/2-1/2

[Event "European Online Club-ch-E 2021"]
[Site "Online"]
[Date "2021.03.27"]
[Round "7.10"]
[White "Moussard, Jules"]
[Black "Chukavin, Kirill"]
[Result "1-0"]
[WhiteElo "2635"]
[BlackElo "2384"]
[Annotator "ChessBase"]
[PlyCount "77"]
[EventDate "2021.03.27"]
[EventType "team-tourn"]
[EventCountry "NET"]
[SourceTitle "playchess.com"]
[Source "ChessBase"]
[SourceQuality "1"]
[TimeControl "900+5"]

1. e4 {[%emt 0:00:00]} c5 {[%emt 0:00:14]} 2. Nf3 {[%emt 0:00:02]} e6 {[%emt 0:00:01]} 3. d4 {[%emt 0:00:02]} cxd4 {[%emt 0:00:01]} 4. Nxd4 {[%emt 0:00:01]} Nf6 {[%emt 0:00:02]} 5. Nc3 {[%emt 0:00:03]} d6 {[%emt 0:00:01]} 6. Be3 {[%emt 0:00:12]} a6 {[%emt 0:00:02]} 7. Be2 {[%emt 0:00:06]} Be7 {[%emt 0:00:08]} 8. g4 {[%emt 0:00:05]} Nc6 {[%emt 0:00:52]} 9. g5 {[%emt 0:00:21]} Nd7 {[%emt 0:00:03]} 10. h4 {[%emt 0:00:03]} Qc7 {[%emt 0:03:21]} 11. h5 {[%emt 0:02:16]} b5 {[%emt 0:03:22]} 12. Nxc6 {[%emt 0:00:06]} Qxc6 {[%emt 0:00:05]} 13. Qd4 {[%emt 0:00:02]} e5 {[%emt 0:01:10]} 14. Qd2 {[%emt 0:00:11]} Nb6 {[%emt 0:00:30]} 15. Bxb6 {[%emt 0:01:09]} Qxb6 {[%emt 0:00:04]} 16. Nd5 {[%emt 0:00:02]} Qb7 {[%emt 0:01:18]} 17. O-O-O {[%emt 0:01:01]} Be6 {[%emt 0:00:57]} 18. f4 {[%emt 0:00:37]} Bxd5 {[%emt 0:00:25]} 19. exd5 {[%emt 0:00:02]} exf4 {[%emt 0:00:23]} 20. Qxf4 {[%emt 0:00:06]} h6 {[%emt 0:00:06]} 21. gxh6 {[%emt 0:00:08]} Rxh6 {[%emt 0:00:02]} 22. Kb1 {[%emt 0:00:16]} Bf6 {[%emt 0:01:10]} 23. Rhf1 {[%emt 0:00:37]} Be5 {[%emt 0:00:23]} 24. Qg4 {[%emt 0:01:03]} Rc8 {[%emt 0:00:04]} 25. Bd3 {[%emt 0:00:12]} Rc5 {[%emt 0:00:05]} 26. Bg6 {[%emt 0:00:45]} Rc7 {[%emt 0:01:11]} 27. Qf3 {[%emt 0:01:48]} Re7 {[%emt 0:00:21]} 28. Bf5 {[%emt 0:00:02]} Rf6 {[%emt 0:00:08]} 29. Qg4 {[%emt 0:00:05]} Rh6 {[%emt 0:00:13]} 30. a3 {[%emt 0:00:16]} Kf8 {[%emt 0:00:07]} 31. Rf3 {[%emt 0:00:04]} Kg8 {[%emt 0:00:06]} 32. c3 {[%emt 0:00:43]} Rc7 {[%emt 0:00:02]} 33. Bd3 {[%emt 0:00:09]} Qc8 {[%emt 0:00:10]} 34. Bf5 {[%emt 0:00:02]} Qb7 {[%emt 0:00:02]} 35. Qg5 {[%emt 0:00:26]} Bf6 {[%emt 0:00:12]} 36. Qg4 {[%emt 0:00:48]} Rc4 {[%emt 0:00:03]} 37. Re3 {[%emt 0:00:09]} Be5 {[%emt 0:00:09]} 38. Qg5 {[%emt 0:00:06]} Qb8 {[%emt 0:00:27]} 39. Rg1 {[%emt 0:00:58]} 1-0

[Event "European Online Club-ch-E 2021"]
[Site "Online"]
[Date "2021.03.27"]
[Round "7.11"]
[White "Valner, Uku"]
[Black "Gozzoli, Yannick"]
[Result "1-0"]
[WhiteElo "2296"]
[BlackElo "2600"]
[Annotator "ChessBase"]
[PlyCount "73"]
[EventDate "2021.03.27"]
[EventType "team-tourn"]
[EventCountry "NET"]
[SourceTitle "playchess.com"]
[Source "ChessBase"]
[SourceQuality "1"]
[TimeControl "900+5"]

1. e4 {[%emt 0:00:00]} e5 {[%emt 0:01:22]} 2. Nf3 {[%emt 0:00:06]} Nc6 {[%emt 0:00:02]} 3. Bc4 {[%emt 0:00:04]} Bc5 {[%emt 0:00:19]} 4. O-O {[%emt 0:00:02]} d6 {[%emt 0:00:01]} 5. c3 {[%emt 0:00:27]} Nf6 {[%emt 0:00:03]} 6. d3 {[%emt 0:00:04]} h6 {[%emt 0:00:11]} 7. Be3 {[%emt 0:00:36]} Bb6 {[%emt 0:00:18]} 8. a4 {[%emt 0:00:12]} O-O {[%emt 0:00:09]} 9. h3 {[%emt 0:00:24]} Ne7 {[%emt 0:02:24]} 10. Nbd2 {[%emt 0:00:38]} c6 {[%emt 0:00:18]} 11. d4 {[%emt 0:00:25]} exd4 {[%emt 0:00:28]} 12. Bxd4 {[%emt 0:00:03]} Bxd4 {[%emt 0:01:09]} 13. Nxd4 {[%emt 0:00:00]} Ng6 {[%emt 0:00:03]} 14. a5 {[%emt 0:01:15]} a6 {[%emt 0:00:51]} 15. Re1 {[%emt 0:01:57]} Re8 {[%emt 0:00:40]} 16. b4 {[%emt 0:00:42]} d5 {[%emt 0:00:41]} 17. exd5 {[%emt 0:00:10]} cxd5 {[%emt 0:00:05]} 18. Rxe8+ {[%emt 0:00:33]} Qxe8 {[%emt 0:00:00]} 19. Bb3 {[%emt 0:01:43]} Bd7 {[%emt 0:00:05]} 20. Qf3 {[%emt 0:00:23]} Qe5 {[%emt 0:00:25]} 21. Bc2 {[%emt 0:00:36]} Nf4 {[%emt 0:00:30]} 22. N2b3 {[%emt 0:01:27]} Re8 {[%emt 0:01:30]} 23. Nc5 {[%emt 0:00:12]} Qg5 {[%emt 0:00:42]} 24. Nxd7 {[%emt 0:01:17]} Nxd7 {[%emt 0:00:00]} 25. h4 {[%emt 0:00:02]} Qe5 {[%emt 0:01:42]} 26. Kf1 {[%emt 0:01:55]} Nf6 {[%emt 0:00:14]} 27. g3 {[%emt 0:00:08]} Ne6 {[%emt 0:00:01]} 28. Nxe6 {[%emt 0:01:06]} Rxe6 {[%emt 0:00:04]} 29. Rd1 {[%emt 0:00:12]} Rc6 {[%emt 0:00:12]} 30. Rd4 {[%emt 0:00:09]} Re6 {[%emt 0:00:59]} 31. Kg2 {[%emt 0:00:20]} g6 {[%emt 0:00:07]} 32. Bb3 {[%emt 0:00:04]} Rd6 {[%emt 0:00:12]} 33. Qd3 {[%emt 0:00:07]} Kg7 {[%emt 0:00:15]} 34. Qd2 {[%emt 0:00:16]} Ne4 {[%emt 0:01:02]} 35. Qe3 {[%emt 0:00:06]} Kf6 {[%emt 0:00:09]} 36. Bxd5 {[%emt 0:00:11]} Nxc3 {[%emt 0:00:23]} 37. Rf4+ {[%emt 0:00:02]} 1-0